| 000 | 01178nam a2200301 a 4500 | ||
|---|---|---|---|
| 001 | 000027123 | ||
| 003 | DO-SdBNP | ||
| 005 | 20260527074042.0 | ||
| 007 | ta | ||
| 008 | 110329s2005 dr 001 0 spa d | ||
| 020 | _a999347780X | ||
| 040 |
_aDO-SdBNP _bspa _cBNPHU |
||
| 082 |
_a324.97293 _bF363d _222 |
||
| 100 | 1 |
_aFernández, Rafael _933778 |
|
| 245 | 1 | 4 |
_aLas disidencias en los partidos políticos tradicionales / _cRafael Fernández ; prólogo por Rafael Alburquerque. |
| 260 |
_aSanto Domingo : _bUniversitaria, _c2005. |
||
| 300 |
_a123 p. ; _c21 cm. |
||
| 490 | 1 |
_aPublicaciones de la Universidad Autónoma de Santo Domingo ; _v1203 |
|
| 490 | 1 |
_aComunicación y sociedad ; _v6 |
|
| 500 | _aIncluye datos biográficos del autor en la contracubierta. | ||
| 590 | _aInventariado, 2018/BT | ||
| 650 | 0 |
_aPartidos políticos _zRepública Dominicana _9285 |
|
| 651 | 4 |
_aRepública Dominicana _xPolítica y gobierno _y1961- _9204 |
|
| 700 | 1 |
_aAlburquerque, Rafael, _epról. _97243 |
|
| 830 |
_aPublicaciones de la Universidad Autónoma de Santo Domingo _v1203 _pComunicación y sociedad ; _n6 _952 |
||
| 910 | _aValidado. Control de calidad. EMS | ||
| 942 |
_2ddc _cLBS1 |
||
| 999 |
_c26615 _d26615 |
||